| 000 | 00399nam a2200157 a 4500 | ||
|---|---|---|---|
| 005 | 20140412111412.0 | ||
| 008 | 110120s19uu xx 00 eng d | ||
| 020 | _a1-59566-253-7 | ||
| 050 |
_aM 618.92 _bS5 2004 |
||
| 100 | _aSmith, Ian | ||
| 245 |
_aGoing to the doctor / _cIan Smith. |
||
| 260 |
_aChina : _bQEB pub, _c2004. |
||
| 300 | _a24p. | ||
| 440 | _aFirst experiences | ||
| 999 |
_c105705 _d105705 |
||